000 00758nac a22002657a 4500
001 BR6001102
003 BR-BrBNA
005 20240105112958.0
008 230509b bl.|||m| |||| 00| 0 por d
040 _aBR-BrBNA
_bpor
_cBiblioteca Nacional de Agricultura
072 _aN10; L00
090 _a4430 BR6001102
100 1 _aCosta, J.W. da
245 1 _aInstalacoes avicolas industriais
250 1 _a3. ed.
260 3 _aSao Paulo, SP (Brasil):
_bSitios e Fazendas,
_c[nd].
300 _a54 p.
490 _aBiblioteca Agropecuaria Brasileira (Brazil)
_v
_x
500 _a23 illus.
650 _aINSTALACAO AGRICOLA
650 _aAVIARIO
650 _aAVE DOMESTICA
909 _a202312
_bLúcia Elande
_c55
_dLúcia Elande
942 _2AGRIS
_n0
_cMS
999 _c261247
_d261247